Problémy otvárania slovenskej ekonomiky a jej postavenie v európskom priestore
Prioritné otázky v priemyselnej politike SR. Štrukturálne zmeny, zahranično-obchodná politika priemyselnej politiky. Kapitálové trhy, priame zahraničné investície a priemyselná politika. Politika zamestnanosti. Vzťah vedy a techniky k priemyselnej politike. Nevyhnutnosť reštrukturalizácie podnikov,...
Salvato in:
| Autore principale: | |
|---|---|
| Natura: | Capitolo di libro |
| Lingua: | slovacco |
| Soggetti: | |
| Tags: |
Nessun Tag, puoi essere il primo ad aggiungerne!!
|
MARC
| LEADER | 00000naa a2200000 4500 | ||
|---|---|---|---|
| 001 | r048175 | ||
| 005 | 20220525095345.5 | ||
| 041 | 0 | |a slo | |
| 044 | |a SK | ||
| 245 | 1 | 0 | |a Problémy otvárania slovenskej ekonomiky a jej postavenie v európskom priestore |c Otília Zorkóciová |
| 520 | |a Prioritné otázky v priemyselnej politike SR. Štrukturálne zmeny, zahranično-obchodná politika priemyselnej politiky. Kapitálové trhy, priame zahraničné investície a priemyselná politika. Politika zamestnanosti. Vzťah vedy a techniky k priemyselnej politike. Nevyhnutnosť reštrukturalizácie podnikov, dokončenia privatizácie. | ||
| 610 | 2 | 0 | |a Európska únia |
| 610 | 2 | 0 | |a Európsky ekonomický priestor |
| 610 | 2 | 0 | |a Slovensko |
| 610 | 2 | 0 | |a integrácia ekonomická |
| 610 | 2 | 0 | |a internacionalizácia ekonomiky |
| 610 | 2 | 0 | |a politika priemyselná |
| 100 | 1 | |a Zorkóciová, Otília, 1954- | |